000 00378nam a2200133Ia 4500
005 20260326235449.0
008 260326s9999||||xx |||||||||||||| ||und||
100 _aRybczynski, Witold
245 4 _aThe Perfect House :
_b A journey with the renaissance master Andrea Palladio /
_cWitold Rybczynski
260 _bScribner
300 _a294 p.
650 _aARQUITECTOS
942 _cBK
999 _c7672
_d7672